Статистические методы контроля качества. Практикум: учебное пособие
| Autor principal: | |
|---|---|
| Autor corporatiu: | |
| Altres autors: | , |
| Sumari: | Заглавие с титульного экрана Электронная версия печатной публикации В пособии изложены теоретические основы статистических методов контроля. Рассмотрены статистические методы: описательная статистика, построение доверительных интервалов, проверка статистических гипотез, выборочный контроль, методы статистического управления процессами. Приводятся задания с решениями, рекомендации по решению задач в программе Excel. Пособие подготовлено на кафедре физических методов и приборов контроля качества и предназначено для студентов, обучающихся по направлению 27.03.02 "Управление качеством" и 12.03.01 "Приборостроение". Режим доступа: из корпоративной сети ТПУ |
| Idioma: | rus |
| Publicat: |
Томск, Изд-во ТПУ, 2016
|
| Matèries: | |
| Accés en línia: | http://www.lib.tpu.ru/fulltext2/m/2017/m029.pdf |
| Format: | Electrònic Llibre |
| KOHA link: | https://koha.lib.tpu.ru/cgi-bin/koha/opac-detail.pl?biblionumber=329772 |
MARC
| LEADER | 00000nlm0a2200000 4500 | ||
|---|---|---|---|
| 001 | 329772 | ||
| 005 | 20240117115939.0 | ||
| 035 | |a (RuTPU)RU\TPU\book\355540 | ||
| 035 | |a RU\TPU\book\355439 | ||
| 090 | |a 329772 | ||
| 100 | |a 20170321d2016 m y0rusy50 ca | ||
| 101 | 0 | |a rus | |
| 102 | |a RU | ||
| 105 | |a a j 001zy | ||
| 135 | |a drcn ---uucaa | ||
| 181 | 0 | |a i | |
| 182 | 0 | |a b | |
| 200 | 1 | |a Статистические методы контроля качества. Практикум |e учебное пособие |f Л. А. Редько, В. В. Редько, Б. Б. Мойзес |g Национальный исследовательский Томский политехнический университет (ТПУ) | |
| 203 | |a Текст |c электронный | ||
| 210 | |a Томск |c Изд-во ТПУ |d 2016 | ||
| 300 | |a Заглавие с титульного экрана | ||
| 300 | |a Электронная версия печатной публикации | ||
| 330 | |a В пособии изложены теоретические основы статистических методов контроля. Рассмотрены статистические методы: описательная статистика, построение доверительных интервалов, проверка статистических гипотез, выборочный контроль, методы статистического управления процессами. Приводятся задания с решениями, рекомендации по решению задач в программе Excel. Пособие подготовлено на кафедре физических методов и приборов контроля качества и предназначено для студентов, обучающихся по направлению 27.03.02 "Управление качеством" и 12.03.01 "Приборостроение". | ||
| 333 | |a Режим доступа: из корпоративной сети ТПУ | ||
| 606 | 1 | |a Статистический анализ |2 stltpush |3 (RuTPU)RU\TPU\subj\42258 |9 61945 | |
| 610 | 1 | |a электронный ресурс | |
| 610 | 1 | |a учебные пособия | |
| 610 | 1 | |a труды учёных ТПУ | |
| 610 | 1 | |a статистические методы | |
| 610 | 1 | |a контроль качества | |
| 610 | 1 | |a практикумы | |
| 610 | 1 | |a описательная статистика | |
| 610 | 1 | |a доверительные интервалы | |
| 610 | 1 | |a статистические гипотезы | |
| 610 | 1 | |a выборочный контроль | |
| 610 | 1 | |a статистическое управление | |
| 610 | 1 | |a процессы | |
| 610 | 1 | |a Excel | |
| 610 | 1 | |a графическое представление | |
| 610 | 1 | |a данные | |
| 610 | 1 | |a случайные величины | |
| 675 | |a 519.23(076) |v 4 | ||
| 700 | 1 | |a Редько |b Л. А. |c специалист в области качества |c доцент Томского политехнического университета, кандидат технических наук |f 1978- |g Людмила Анатольевна |3 (RuTPU)RU\TPU\pers\25946 |9 11796 | |
| 701 | 1 | |a Редько |b В. В. |c специалист в области неразрушающего контроля |c доцент Томского политехнического университета, кандидат технических наук |f 1974- |g Виталий Владимирович |3 (RuTPU)RU\TPU\pers\26415 |9 12119 | |
| 701 | 1 | |a Мойзес |b Б. Б. |c специалист в области машиностроения |c доцент Томского политехнического университета, кандидат технических наук |f 1975- |g Борис Борисович |3 (RuTPU)RU\TPU\pers\26722 |9 12380 | |
| 712 | 0 | 2 | |a Национальный исследовательский Томский политехнический университет (ТПУ) |b Институт неразрушающего контроля (ИНК) |b Кафедра физических методов и приборов контроля качества (ФМПК) |3 (RuTPU)RU\TPU\col\18709 |
| 801 | 1 | |a RU |b 63413507 |c 20140407 | |
| 801 | 2 | |a RU |b 63413507 |c 20171012 |g RCR | |
| 856 | 4 | |u http://www.lib.tpu.ru/fulltext2/m/2017/m029.pdf | |
| 942 | |c CF | ||